000 00959nam a2200253 i 4500
003 IT-RoINE
005 20201119133357.0
008 031005s1957 it 001 bcita d
040 _aPUG
_cIT-RoINE
_dIT-RoINE
100 1 _aPaschini, Pio,
_d1878-1962
_96174
245 1 0 _aTre illustri prelati del Rinascimento :
_bErmolao Barbaro, Adriano Castellesi, Giovanni Grimani /
_cPio Paschini.
260 _aRomae :
_bFacultas Theologica Pontificii Athenaei Lateranensis,
_c1957.
300 _a207 p. ;
_c25 cm.
336 _2rdacontent
_atext
337 _2rdamedia
_aunmediated
338 _2rdacarrier
_avolume
490 1 _aLateranum.
_aNova series ;
_van. 23, n. 1-4
500 _aIncluye índice.
600 1 4 _aBarbaro, Ermolao,
_d1453-1493
_xBiografía
_96694
600 1 4 _aCastellesi, Adriano,
_cCardenal,
_dca. 1458-1521
_96695
600 1 4 _aGrimani, Giovanni,
_dca. 1500-1593
_96696
830 0 _aLateranum.
_pNova series ;
_92701
_van. 23, n. 1-4
942 _cMTS
999 _c3334
_d3334